|
|
|
|
| LEADER |
00000nam a22000007a 4500 |
| 005 |
20111110113559.0 |
| 007 |
cr|||| |||| |
| 008 |
111110s2011 cl |||||s|||| 00||0 spa d |
| 020 |
|
|
|a 956-13-2025-8
|
| 035 |
|
|
|a 5891
|
| 040 |
|
|
|a vLex
|
| 090 |
|
|
|c 2757
|d 2757
|
| 100 |
1 |
|
|a Echecopar Koechlig, Nermǹ
|
| 245 |
1 |
0 |
|a Capital de riesgo en Chile
|h [Recurso electrn̤ico] /
|c Nermǹ Echecopar Koechlig, Alejandro Rogers Bozzolo
|
| 256 |
|
|
|a Servicio en ln̕ea
|
| 260 |
|
|
|a [Chile] :
|b Universidad Catl̤ica Andrš Bello,
|c 2011
|
| 300 |
|
|
|a 1 recurso electrn̤ico
|
| 506 |
1 |
|
|a Contenido solo disponible en los productos indicados
|d vLex Global
|d vLex Global (Academic Edition, excluding Law Schools)
|d vLex Global (U.S. Academic Edition, Law Schools)
|d vLex Global (U.S. Academic Edition, excluding Law Schools)
|d vLex Global (Academic Edition, Law Schools)
|
| 650 |
0 |
4 |
|a Capital de riesgo
|z Chile
|
| 700 |
1 |
|
|a Rogers Bozzolo, Alejandro
|
| 740 |
0 |
|
|a vLex Libros (Servicio en ln̕ea)
|
| 856 |
4 |
0 |
|u http://vlex.com/source/5891
|z Acceso restringido
|
| 942 |
|
|
|c BOOK
|